Normal view
MARC view
- Qazi Laeeque Ahmed-sup-Dr. Sobia Manzoor
Entry Personal Name
001 - CONTROL NUMBER
- control field: 14057
003 - CONTROL NUMBER IDENTIFIER
- control field: NUST
005 - DATE AND TIME OF LATEST TRANSACTION
- control field: 20190402070805.0
008 - FIXED-LENGTH DATA ELEMENTS
- fixed length control field: 190402|| aca||aabn | a|a d
040 ## - CATALOGING SOURCE
- Original cataloging agency: NUST
- Transcribing agency: NUST
100 ## - HEADING--PERSONAL NAME
- Personal name: Qazi Laeeque Ahmed-sup-Dr. Sobia Manzoor
670 ## - SOURCE DATA FOUND
- Source citation: Work cat.: (NUST): Qazi Laeeque Ahmed-sup-Dr. Sobia Manzoor, Th-MS-Mechanistic study of interaction between HCV and host Genes involved in ER stress and insulin resistance, 2012.
